| Tag |
First Indicator |
Second Indicator |
Subfields |
| LEADER |
00000nas a2200000 i 4500 |
| 001 |
in00004744729 |
| 006 |
m o d f |
| 007 |
cr ||||||||||| |
| 008 |
230717c20229999dcu x |obb f| 0eng d |
| 005 |
20230928190141.5 |
| 035 |
|
|
|a (OCoLC)on1390617220
|
| 040 |
|
|
|a GPO
|b eng
|e rda
|e pn
|c GPO
|d MvI
|
| 043 |
|
|
|a a-cc---
|
| 049 |
|
|
|a WWW
|
| 074 |
|
|
|a 1089-A-11 (online)
|
| 086 |
0 |
|
|a Y 3.2:C 44/D 26/2/
|
| 245 |
0 |
0 |
|a China's evolving data governance regime.
|
| 264 |
|
1 |
|a [Washington, D.C.] :
|b [U.S.-China Economic and Security Review Commission]
|
| 300 |
|
|
|a 1 online resource (volumes)
|
| 310 |
|
|
|a Irregular
|
| 336 |
|
|
|a text
|b txt
|2 rdacontent
|
| 337 |
|
|
|a computer
|b c
|2 rdamedia
|
| 338 |
|
|
|a online resource
|b cr
|2 rdacarrier
|
| 362 |
1 |
|
|a Began with: July 26, 2022?
|
| 504 |
|
|
|a Includes bibliographical references.
|
| 500 |
|
|
|a In scope of the U.S. Government Publishing Office Cataloging and Indexing Program (C&I) and Federal Depository Library Program (FDLP).
|
| 500 |
|
|
|a GPO Cataloging Record Distribution Program (CRDP).
|
| 588 |
0 |
|
|a Last updated: July 26, 2022; title from PDF caption (viewed July 17, 2023).
|
| 588 |
1 |
|
|a Last updated: July 26, 2022 (viewed July 17, 2023).
|
| 650 |
|
0 |
|a Data protection
|z China.
|
| 650 |
|
0 |
|a Information technology
|x Government policy
|z China.
|
| 710 |
2 |
|
|a U.S.-China Economic and Security Review Commission,
|0 https://id.loc.gov/authorities/names/no2004005041
|e issuing body.
|
| 856 |
4 |
0 |
|u https://purl.fdlp.gov/GPO/gpo214589
|t 0
|
| 999 |
f |
f |
|s 369b0f7b-5aa0-4428-866d-be4e457b04d7
|i 4ac5b89a-250f-4d97-9e70-49786a0319e7
|t 0
|
| 952 |
f |
f |
|a Texas A&M University
|b College Station
|c Electronic Resources
|d Available Online
|t 0
|e Y 3.2:C 44/D 26/2/
|h Superintendent of Documents classification
|
| 998 |
f |
f |
|a Y 3.2:C 44/D 26/2/
|t 0
|l Available Online
|